000 00590cab a2200205 4500
001 WB3309-54
008 090401t1997 xxu||||| |||| 00| 0 eng d
035 _a(Sirsi) u60012
041 _aeng
245 4 _aThe regulator
260 _c1997
350 _a0
490 _aEstate Agent
_vFebruary 1997, 5(1)
520 _aDiscusses the role of the Trading Standards Service which regulates the Property Misdescriptions Act.
650 _aTRADING STANDARDS OFFICERS
650 _aTRADING STANDARDS SERVICE
690 _aPROPERTY LAW AND PRACTICE
942 _n0
948 _c04/03/1997
999 _c36944
_d36944